Catalog

Record Details

Catalog Search



Kluk z kostek  Cover Image Book Book

Kluk z kostek / Keith Stuart ; přeložila Johana Eliášová

Stuart, Keith (Author). Eliášová, Johana (Translator).

Summary:

Psychologický román upřímně vystavěný na příběhu rodiny řešící potíže autistického syna, kde kostičkovaný svět herního světa Minecraftu možná napomůže poskládat dohromady roztříštěné rodinné vztahy.
Vztahy tříčlenné rodiny prověří autismus osmiletého Sama. Zatímco maminka Jody tuto situaci zvládá a dokáže se synem pracovat a vnášet do jeho složitého světa řád a klid, otec Alex rychle ztrácí půdu pod nohama, složitost výchovy takto komplikovaného dítěte ho irituje a situace vyústí jeho odchodem z domova. Sama nyní vidí jen občas a i tak se pokouší ze svých otcovských povinností co nejvíce vymluvit. Postupně však zjišťuje, že mu syn velmi chybí a nečekaně s ním nachází společnou řeč prostřednictvím specifického herního světa z kostek, Minecraftu. Sugestivní vylíčení skutečných problémů rodiny, do které zasáhl autismus.

Record details

  • ISBN: 978-80-259-0612-5
  • Physical Description: 351 stran ; 21 cm
  • Edition: 1. vydání
  • Publisher: V Praze : Plus, 2017

Content descriptions

General Note:
Přeloženo z angličtiny
Genre: anglické romány
English fiction

Available copies

  • 1 of 1 copy available at Common Catalog SPOK.

Holds

  • 0 current holds with 1 total copy.
Show Only Available Copies
Location Call Number / Copy Notes Barcode Shelving Location Status Due Date
Jabok Library BL-1/St 424480039148 Beletrie Available -

LDR 03744nam a2200841 i 4500
00124587
003CZ-PrJAB
00520170316123050.0
007ta
008170126s2017 xr g 000 f cze
015 . ‡acnb002876114
020 . ‡a978-80-259-0612-5 ‡q(vázáno)
035 . ‡a(CZ PrSKC)nkc20172876114
040 . ‡aOLA001 ‡bcze ‡erda
0411 . ‡acze ‡heng
072 7. ‡a821.111-3 ‡xAnglická próza, anglicky psaná ‡2Konspekt ‡925
080 . ‡a821.111-31 ‡2MRF
080 . ‡a(0:82-31) ‡2MRF
1001 . ‡aStuart, Keith ‡7xx0210203 ‡4aut
24010. ‡aBoy made of blocks. ‡lČesky
24510. ‡aKluk z kostek / ‡cKeith Stuart ; přeložila Johana Eliášová
250 . ‡a1. vydání
264 1. ‡aV Praze : ‡bPlus, ‡c2017
300 . ‡a351 stran ; ‡c21 cm
336 . ‡atext ‡btxt ‡2rdacontent
337 . ‡abez média ‡bn ‡2rdamedia
338 . ‡asvazek ‡bnc ‡2rdacarrier
500 . ‡aPřeloženo z angličtiny
520 . ‡aPsychologický román upřímně vystavěný na příběhu rodiny řešící potíže autistického syna, kde kostičkovaný svět herního světa Minecraftu možná napomůže poskládat dohromady roztříštěné rodinné vztahy.
520 . ‡aVztahy tříčlenné rodiny prověří autismus osmiletého Sama. Zatímco maminka Jody tuto situaci zvládá a dokáže se synem pracovat a vnášet do jeho složitého světa řád a klid, otec Alex rychle ztrácí půdu pod nohama, složitost výchovy takto komplikovaného dítěte ho irituje a situace vyústí jeho odchodem z domova. Sama nyní vidí jen občas a i tak se pokouší ze svých otcovských povinností co nejvíce vymluvit. Postupně však zjišťuje, že mu syn velmi chybí a nečekaně s ním nachází společnou řeč prostřednictvím specifického herního světa z kostek, Minecraftu. Sugestivní vylíčení skutečných problémů rodiny, do které zasáhl autismus.
6530 . ‡aautismus ‡arodina ‡aromány
655 7. ‡aanglické romány ‡7fd131814 ‡2czenas
655 9. ‡aEnglish fiction ‡2eczenas
7001 . ‡aEliášová, Johana ‡7hka2015865980 ‡4trl
910 . ‡aABG312
9289 . ‡aAlbatros Media - Plus
901 . ‡a24587 ‡b ‡c24587 ‡tbiblio

Additional Resources